| 000 | 004960000a22001570004500 | ||
|---|---|---|---|
| 003 | MACL | ||
| 005 | 20190201151522.0 | ||
| 008 | 190201b xxu||||| |||| 00| 0 eng d | ||
| 040 |
_aMACL _cmacl |
||
| 100 |
_a……̜…_…r…_, …̜…%…®…·…" _973731 |
||
| 245 | _aउपाधि | ||
| 260 |
_b…o…_……< …Œ…®…_…ý…·……·…,…- …1…_…%…, _c2011 |
||
| 350 | _a165 | ||
| 650 |
_a…o…"…̜…ý…·…Y…_…o _973732 |
||
| 942 |
_cBK _k080 _2ddc |
||
| 999 |
_c45780 _d45780 |
||